| 000 | 00709nam a22002057a 4500 | ||
|---|---|---|---|
| 005 | 20230223060051.0 | ||
| 008 | 230223b |||||||| |||| 00| 0 eng d | ||
| 020 | _a1-85326-000-2 | ||
| 082 | _aFic. Au933 1993 | ||
| 100 |
_aAusten, Jane _eauthor |
||
| 245 |
_aPride and prejudice / _cJane Austen; introduction and notes by Ian Littlewood |
||
| 260 |
_aLondon: _bWadsworth, _cc1993 |
||
| 300 | _axvi, 265p. | ||
| 541 | _e5498 | ||
| 650 | _aSocial classes - England - Fiction | ||
| 650 | _aEngland - Social life and custom - Fiction | ||
| 650 | _aBennet, Elizabeth (Fictitious character) - Fiction | ||
| 650 | _aDarcy, Fitzwilliam (Fictitious character) - Fiction | ||
| 700 |
_aLittlewood, Ian _eintroductory |
||
| 999 |
_c1401 _d1401 |
||